|
|
|
|
| LEADER |
01076nam a2200289 a 4500 |
| 001 |
c000351084 |
| 003 |
CARM |
| 005 |
19990607000000.0 |
| 008 |
720728r19691893nyu 000 1 eng |
| 010 |
|
|
|a 70075986 //r942
|
| 019 |
1 |
|
|a 43734
|5 LACONCORD2021
|
| 035 |
|
|
|a (OCoLC)2002601
|5 LACONCORD2021
|
| 040 |
|
|
|a LC
|b eng
|c LC
|d LC
|
| 050 |
0 |
0 |
|a PZ3.G45
|b O5
|a PR4716
|
| 082 |
0 |
0 |
|a 823/.8
|
| 082 |
0 |
4 |
|a 823/.8
|
| 100 |
1 |
|
|a Gissing, George,
|d 1857-1903.
|
| 245 |
1 |
4 |
|a The odd women.
|c London, Lawrence & Bullen, 1893.
|
| 260 |
|
|
|a New York,
|b AMS Press
|c [1969]
|
| 300 |
|
|
|a 296, 330, 325 p.
|c 23 cm.
|
| 650 |
|
0 |
|a Middle class women
|z Great Britain
|x Fiction.
|
| 650 |
|
0 |
|a Women
|x Employment
|z Great Britain
|x Fiction.
|
| 650 |
|
0 |
|a Single women
|z Great Britain
|x Fiction.
|
| 651 |
|
0 |
|a England
|x Social life and customs
|y 19th century
|x Fiction.
|
| 852 |
8 |
|
|b CARM
|h A1:AM24B0
|i B09579
|p 0433545
|f BK
|
| 999 |
f |
f |
|i bda86e61-3ad3-526e-8734-d42aa10ace1f
|s a3386028-de0e-5c31-9158-8be759633418
|
| 952 |
f |
f |
|p Can circulate
|a CAVAL
|b CAVAL
|c CAVAL
|d CARM 1 Store
|e B09579
|f A1:AM24B0
|h Other scheme
|i book
|m 0433545
|